000 00491nam a2200169 a 4500
001 000034072
005 20200930070741.0
008 110923s2001 cl 000 0 spa d
020 _a958904171x
040 _aDO-SdBNP
_bspa
_cBNPHU
245 0 0 _aLugares ajenos :
_brelatos del desplazamiento.
260 _aMedellĂ­n :
_bb Fondo Editorial, Universidad EAFIT,
_c2001.
300 _a180 p. :
_bil. ;
_c23 cm.
490 1 _aAntorcha y daga
830 0 _aAntorcha y daga
_959501
049 _aBNPD
999 _c33563
_d33563